| 000 | 00557nam a2200181 i 4500 | ||
|---|---|---|---|
| 001 | 39502 | ||
| 003 | ES-MaACL | ||
| 005 | 20230906160015.0 | ||
| 007 | t| | ||
| 008 | 030303s1958 sp |||| | spa d | ||
| 100 | 1 |
_aCano Denia, Simón. _934546 |
|
| 245 | 1 | 3 |
_aLa colonización agraria en Israel / _cSimón Cano Denia. |
| 260 |
_a[Valencia] : _bInstituto Valenciano de Economía, _c1958. |
||
| 300 |
_a111 p. ; _c18 cm. |
||
| 650 | 4 |
_aReforma agraria- _zIsrael. _9166316 |
|
| 710 | 2 |
_aInstituto Valenciano de Economía. _95250 |
|
| 852 |
_aES-MaACL _jC-15558 |
||
| 999 |
_c39502 _d39502 |
||